000 00270nam a22001217a 4500
082 _a823
_bBRO/S
100 _aBROWN, MARGARET WISE
245 _aTHE SAILOR DOG
260 _aNEW YORK
_bGOLDEN
_c1981
300 _a20
650 _aENGLISH STORY
_zUNITED STATES
942 _cBK
999 _c7430
_d7430